| 000 | 00851cam a2200277 a 4500 | ||
|---|---|---|---|
| 008 | |||
| 020 | _a0070342288 (hbk.) | ||
| 049 | _aMAIN | ||
| 090 | _aTK5102.5 | ||
| 100 | 1 | _aKershenbaum, Aaron. | |
| 245 | 1 | 0 |
_aTelecommunications network design algorithms / _cAaron Kershenbaum. |
| 260 |
_aNew York : _bMcGraw-Hill, _cc1993. |
||
| 300 |
_axvi, 368 p. : _bill. ; _c25 cm. |
||
| 490 | 1 | _aMcGraw-Hill in computer science series. | |
| 500 | _aIncludes index. | ||
| 504 | _aIncludes bibliographical references. | ||
| 650 | 0 |
_aTelecommunication systems _xDesign. |
|
| 650 | 0 | _aSystem analysis. | |
| 650 | 0 | _aAlgorithms. | |
| 653 | 0 |
_aTelecommunication _aNetworks |
|
| 907 |
_a.b1006350x _b29-07-05 _c17-04-03 |
||
| 003 | |||
| 005 | 20230123133622.0 | ||
| 040 | _cNUST | ||
| 942 |
_cBOOKS _kTK5102.5 |
||
| 999 |
_c151737 _d151737 |
||